000 00357nam a22001577a 4500
999 _c10610
_d10610
003 OSt
008 210331b ||||| |||| 00| 0 eng d
020 _a-
100 _aTHOLIA,Akshay
245 _aUnderstanding Fabrics
250 _a1st
260 _aJaipur
_bSARV International Jaipur
_c2018
300 _a90
650 _aTextile
942 _2ddc
_cBK
_01